000 00733nam a2200229Ia 4500
003 OSt
005 20230329105010.0
008 210423s2016 xx 000 0 und d
020 _a978-90-8686-276-4
040 _cAL
041 _aeng
082 _a574.192431
_223
_bWATH
100 _aWATSON (Ronald Ross);MEESTER (Fabien de)
_979453
245 _aHandbook of cholesterol: biology function and role in health and diseases
260 _aNetherland
_bWageningen Academic Publishers
_c2016
300 _a494
_bHB
365 _b11571
_cEUR
440 _aHuman health handbooks 11
_979454
650 _aBiochemistry
_979455
906 _abiology ; cholesterol: ; diseases ; function ; Handbook ; health ; role
942 _2ddc
_cBK
999 _c168837
_d168837